[Event "Napoli Estate al Vomero op 5th"]
[Site "Napoli"]
[Date "2011.05.05"]
[Round "1"]
[White "Spagnolo, Alessandro"]
[Black "Colli, Roberto"]
[Result "0-1"]
[WhiteElo "1440"]
[BlackElo "1788"]
[PlyCount "54"]
[EventDate "2011.05.08"]
[EventType "swiss"]
[EventRounds "7"]
[EventCountry "ITA"]
[SourceTitle "EXT 2018"]
[Source "ChessBase"]
[SourceDate "2017.10.13"]
[SourceVersion "1"]
[SourceVersionDate "2017.10.13"]
[SourceQuality "1"]

1. Nf3 Nf6 2. d4 g6 3. c4 d5 4. cxd5 Bg7 5. Nc3 Nxd5 6. Nxd5 Qxd5 7. e3 c5 8. b3 Nc6 9. Bc4 Qd6 10. Bb2 Bf5 11. 0-0 0-0 12. Qe2 cxd4 13. exd4 a6 14. d5 Na5 15. Bxg7 Kxg7 16. Qe5+ Qxe5 17. Nxe5 Nxc4 18. bxc4 Rac8 19. Rac1 f6 20. Nf3 Rc5 21. Nd4 Rfc8 22. Nxf5+ gxf5 23. Rfe1 Kf7 24. Rb1 R5c7 25. f3 Rxc4 26. Rb2 Rd4 27. Reb1 b5 0-1

[Event "Napoli Vomero Summer op 4th"]
[Site "Napoli"]
[Date "2010.06.03"]
[Round "4"]
[White "Colli, Roberto"]
[Black "Esposito, Pino"]
[Result "1/2-1/2"]
[WhiteElo "1497"]
[BlackElo "1875"]
[PlyCount "56"]
[EventDate "2010.05.06"]
[EventType "swiss"]
[EventRounds "7"]
[EventCountry "ITA"]
[SourceTitle "EXT 2024"]
[Source "ChessBase"]
[SourceDate "2023.10.10"]
[SourceVersion "1"]
[SourceVersionDate "2023.10.10"]
[SourceQuality "1"]

1. d4 d5 2. c4 e6 3. Nf3 Nf6 4. g3 c6 5. Bg2 dxc4 6. Ne5 Nbd7 7. Nxc4 Be7 8. 0-0 0-0 9. Nc3 Nb6 10. b3 Nbd5 11. Bb2 Bb4 12. Qd3 Qe7 13. e4 Nxc3 14. Bxc3 Rd8 15. Bxb4 Qxb4 16. a3 Qb5 17. Rfd1 b6 18. Ne5 Qxd3 19. Rxd3 Bb7 20. Rc1 Rac8 21. f3 Nd7 22. Nxd7 Rxd7 23. Kf2 Rcd8 24. Ke3 e5 25. Rcd1 exd4+ 26. Rxd4 Rxd4 27. Rxd4 Rxd4 28. Kxd4 Kf8 1/2-1/2

[Event "Napoli Vomero op 3rd"]
[Site "Napoli"]
[Date "2009.05.21"]
[Round "3"]
[White "Colli, Roberto"]
[Black "Longobardi, Giuseppe"]
[Result "0-1"]
[WhiteElo "1440"]
[BlackElo "1999"]
[PlyCount "48"]
[EventDate "2009.05.07"]
[EventType "swiss"]
[EventRounds "6"]
[EventCountry "ITA"]
[SourceTitle "EXT 2011"]
[Source "ChessBase"]
[SourceDate "2010.11.26"]
[SourceVersion "1"]
[SourceVersionDate "2010.11.26"]
[SourceQuality "1"]

1. d4 Nf6 2. c4 e6 3. Nc3 Bb4 4. Nf3 b6 5. Bg5 Bb7 6. e3 h6 7. Bh4 g5 8. Bg3 Ne4 9. Qc2 d6 10. Be2 Nd7 11. 0-0 Bxc3 12. bxc3 h5 13. h3 f5 14. Nd2 h4 15. Bh2 Qe7 16. Rab1 Qg7 17. f3 Ng3 18. Bxg3 hxg3 19. a4 Nf6 20. Qd1 Rh4 21. e4 f4 22. d5 e5 23. Nb3 Qd7 24. a5 Rxh3 0-1